| 000 | 00802nam a22002057a 4500 | ||
|---|---|---|---|
| 999 |
_c6912 _d6912 |
||
| 003 | AR-CdUCM | ||
| 008 | 190319b ||||| |||| 00| 0 spa d | ||
| 020 | _a0-394-31903-6 | ||
| 040 |
_aMUNICIPALIDAD PROVINCIAL DEL CUSCO _cBIBLIOTECA MUNICIPAL DEL CUSCO |
||
| 082 |
_a301.09 / _bW14 |
||
| 100 |
_aWaal Malefijt, Annemarie de _919481 |
||
| 245 |
_aImágenes del hombre : _bHistoria del pensamiento antropológico / |
||
| 260 |
_aArgentina : _bEdigraf, _c1983. |
||
| 300 |
_a317 paginas ; _c22 cm. |
||
| 505 | _aContenido :Los comienzos -- Concepciones medievales del hombre -- Los horizontes se ensanchan -- El surgimiento de la ciencia -- La humanidad debe estudiar al hombre ... | ||
| 650 |
_aAntropología e Historia _919482 |
||
| 650 |
_aEtnología _91915 |
||
| 942 |
_2ddc _cLIBROS |
||
| 945 | _arum | ||